An account of the mode of draining land : according to the system practised by Mr. Joseph Elkington (Record no. 114200)

MARC details
000 -LEADER
fixed length control field 00870cam a22002295a 4500
001 - CONTROL NUMBER
control field L156351
008 - FIXED-LENGTH DATA ELEMENTS--GENERAL INFORMATION
fixed length control field 120515s1801 xxk f 000 0 eng d
035 ## - SYSTEM CONTROL NUMBER
System control number (Sirsi) u156351
041 0# - LANGUAGE CODE
Language code of text/sound track or separate title eng
100 1# - MAIN ENTRY--PERSONAL NAME
Personal name Johnstone, John
245 03 - TITLE STATEMENT
Title An account of the mode of draining land : according to the system practised by Mr. Joseph Elkington
Remainder of title drawn up for the consideration of the Board of Agriculture
250 ## - EDITION STATEMENT
Edition statement 2nd ed., corr. and enl.
260 ## - PUBLICATION, DISTRIBUTION, ETC.
Place of publication, distribution, etc. London
Name of publisher, distributor, etc. Printed by B. McMillan
Date of publication, distribution, etc. 1801
300 ## - PHYSICAL DESCRIPTION
Extent xvi, 164 p., [19] folded leaves of plates
Other physical details ill.
Dimensions 22 cm.
520 ## - SUMMARY, ETC.
Summary, etc. First published as: An account ot the most approved mode of draining land. 1797.
583 ## - ACTION NOTE
Action Condition reviewed
Time/date of action 20120620
Status condition level 1
651 #4 - SUBJECT ADDED ENTRY--GEOGRAPHIC NAME
Geographic name Great Britain
Chronological subdivision 1707-
690 ## - LOCAL SUBJECT ADDED ENTRY--TOPICAL TERM (OCLC, RLIN)
Topical term or geographic name as entry element Rural
9 (RLIN) 6268
700 1# - ADDED ENTRY--PERSONAL NAME
Personal name Elkington, Joseph
710 1# - ADDED ENTRY--CORPORATE NAME
Corporate name or jurisdiction name as entry element Board of Agriculture
942 ## - ADDED ENTRY ELEMENTS (KOHA)
Suppress in OPAC 0
Holdings
Withdrawn status Lost status Damaged status Not for loan Home library Current library Shelving location Date acquired Total Checkouts Full call number Barcode Date last seen Copy number Price effective from Koha item type
        Historic collection Historic collection Historic collection 15/05/2012   AGRICULTURE OCTAVO 1801 JOHNSTONE 30075383 20/08/2025 1 06/08/2019 Book